000 00851nam a22001817a 4500
999 _c63026
_d63026
003 Ge_BSU
005 20250513123801.0
008 250513s1971 ge ||||| |||| 00| 0 geo d
041 _ageo
080 _a622(47+57) 349.2(47+57) ჯ-27
100 _aჯაფარიძე, სიმონ
_925029
245 _aსამთო მრეწველობის მუშაკთა შრომითი უფლებები /
_cსიმონ ჯაფარიძე.
264 _aთბილისი :
_bსაბჭოთა საქართველო,
_c1971.
300 _a217 გვ. ;
_b21 სმ.
653 _aსამთო მრეწველობა სსრ კავშირში
653 _aსსრ კავშირის შრომითი სამართალი
942 _2udc
_cᲬᲘᲒᲜᲘ